ბათუმის შოთა რუსთაველის სახელმწიფო უნივერსიტეტის ბიბლიოთეკა

ჰუმანიტარული მეცნიერებები ინფორმაციულ საზოგადოებაში = Humanities in the information society : (ბიბ.ჩანაწერი № 36818)

000 -ლიდერი
ფიქსირებული სიგრძის საკონტროლო ველი 01970nam a2200313Ia 4500
001 - საკონტროლო ნომერი
საკონტროლო ველი 2761
003 - საკონტროლო ნომრის იდენტიფიკატორი
საკონტროლო ველი GE_BSU
005 - ბოლო ოპერაციის თარიღი და დრო
საკონტროლო ველი 20190607211604.0
008 - ფიქსირებული სიგრძის მონაცემთა ელემენტები - ზოგადი ინფორმაცია
ფიქსირებული სიგრძის საკონტროლო ველი 181216s||||||||ge |||||||||||||| ||geo||
020 ## - წიგნის საერთაშორისო სტანდარტული ნომერი
International Standard Book Number 9789941412622
040 ## - კატალოგიზაციის წყარო
Transcribing agency GE_BSU
041 ## - ენის კოდი
Language code of text/sound track or separate title geo
080 ## - უნივერსალური ათობითი კლასიფიკაციის ინდექსი
Universal Decimal Classification number 81/82+1+2+3+7 ჰ–92
245 ## - ცნობა სათაურის შესახებ
Title ჰუმანიტარული მეცნიერებები ინფორმაციულ საზოგადოებაში = Humanities in the information society :
Remainder of title წ. 2. საერთაშორისო კონფერენციის მასალები /
Statement of responsibility, etc შ. რუსთაველის სახელმწ. უნ-ტის ჰუმანიტ. მეცნ. ფაკ-ტი ; რედ. მარინა გიორგაძე.
264 ## - წარმოების, გამოცემის, დისტრიბუციის და სხვა ცნობები
გამოცემის, წარმოების, დისტრიბუციის... ადგილი ბათუმი :
გამოცემის, წარმოების, დისტრიბუციის... სახელწოდება შ. რუსთაველის სახელმწ. უნ-ტის გამ-ბა,
გამოცემის, წარმოების, დისტრიბუციის... თარიღი 2010.
300 ## - ფიზიკური აღწერა
Extent 591 გვ.;
Other physical details 29 სმ.
504 ## - BIBLIOGRAPHY, ETC. NOTE
Bibliography, etc ბიბლიოგრ. სტატიების ბოლოს.
520 ## - SUMMARY, ETC.
Summary, etc რეზ. ქართ., ინგლ.
546 ## - LANGUAGE NOTE
Language note მოხსენებების ნაწ. რუს. და ინგლ.
653 ## - INDEX TERM--UNCONTROLLED
Uncontrolled term ლიტერატურის რეცეფცია
653 ## - INDEX TERM--UNCONTROLLED
Uncontrolled term თარგმანის თეორია
700 ## - ADDED ENTRY--PERSONAL NAME
Personal name ფანჯიკიძე, დ.
Relator term ავტორი
9 (RLIN) 2310
700 ## - ADDED ENTRY--PERSONAL NAME
Personal name ჯანელიძე, ნ.
Relator term ავტორი
9 (RLIN) 2311
700 ## - ADDED ENTRY--PERSONAL NAME
Personal name ნოზაძე, ლ.
Relator term ავტორი
9 (RLIN) 2312
700 ## - ADDED ENTRY--PERSONAL NAME
Personal name დიასამიძე, ვიქტორია
Relator term ავტორი
9 (RLIN) 2313
700 ## - ADDED ENTRY--PERSONAL NAME
Personal name სირაძე, თამარ და სხვ.
Relator term ავტორი
9 (RLIN) 2314
710 ## - ADDED ENTRY--CORPORATE NAME
Corporate name or jurisdiction name as entry element ბათუმი შოთა რუსთაველის უნივერსიტეტი;
Subordinate unit ჰუმანიტარულ მეცნ. ფაკ-ტი
9 (RLIN) 2315
942 ## - ADDED ENTRY ELEMENTS (KOHA)
Koha item type წიგნი
Source of classification or shelving scheme
ეგზემპლარები
ჩამოწერის სტატუსი დაკარგული ეგზემპლარის სტატუსი კლასიფიკაციის წყარო ან თაროზე გაწყობის სქემა დაზიანების სტატუსი არ გაიცემა მუდმივი მდებარეობა (დაცვის ადგილი) ამჟამინდელი ადგილსამყოფელი თაროზე განთავსების ადგილი შეძენის თარიღი ღირებულება, შესყიდვის ნორმალური ფასი სრული შენახვის შიფრი შტრიხკოდი ბოლო ოპერაციის თარიღი ეგზემპლარის მიმდევრობითი ნომერი (კეტერი?) ფასის ძალაში შესვლის თარიღი ეგზემპლარის სახეობა საჯარო შენიშვნა
          ბათუმის შოთა რუსთაველის სახელმწიფო უნივერსიტეტის მთავარი ბიბლიოთეკა ბათუმის შოთა რუსთაველის სახელმწიფო უნივერსიტეტის მთავარი ბიბლიოთეკა წიგნსაცავი 2018-12-17 14.00 81/82+1+2+3+7 ჰ–92 4733 2018-12-17 4733 2018-12-17 წიგნი 14 ლ. 20 თ.
          ბათუმის შოთა რუსთაველის სახელმწიფო უნივერსიტეტის მთავარი ბიბლიოთეკა ბათუმის შოთა რუსთაველის სახელმწიფო უნივერსიტეტის მთავარი ბიბლიოთეკა წიგნსაცავი 2018-12-17 14.00 81/82+1+2+3+7 ჰ–92 4734 2018-12-17 4734 2018-12-17 წიგნი 14 ლ. 20 თ.
          ბათუმის შოთა რუსთაველის სახელმწიფო უნივერსიტეტის მთავარი ბიბლიოთეკა ბათუმის შოთა რუსთაველის სახელმწიფო უნივერსიტეტის მთავარი ბიბლიოთეკა წიგნსაცავი 2018-12-17 14.00 81/82+1+2+3+7 ჰ–92 4735 2018-12-17 4735 2018-12-17 წიგნი 14 ლ. 20 თ.
          ბათუმის შოთა რუსთაველის სახელმწიფო უნივერსიტეტის მთავარი ბიბლიოთეკა ბათუმის შოთა რუსთაველის სახელმწიფო უნივერსიტეტის მთავარი ბიბლიოთეკა წიგნსაცავი 2018-12-17 14.00 81/82+1+2+3+7 ჰ–92 4736 2018-12-17 4736 2018-12-17 წიგნი 14 ლ. 20 თ.
          ბათუმის შოთა რუსთაველის სახელმწიფო უნივერსიტეტის მთავარი ბიბლიოთეკა ბათუმის შოთა რუსთაველის სახელმწიფო უნივერსიტეტის მთავარი ბიბლიოთეკა წიგნსაცავი 2018-12-17 14.00 81/82+1+2+3+7 ჰ–92 4737 2018-12-17 4737 2018-12-17 წიგნი 14 ლ. 20 თ.